000 02091nam0a2200361 i 4500
001 RU\NLR\BIBL_A\011091530
005 20260405090010.0
010 _a9785802125908
_930
021 _aRU
_b2016-18935
_91218
035 _a(NILC)RuMoRGB-008240628
035 _a(NLR Aleph) 011091530
090 _a11370262
_c11370262
100 _a20160330d2015 um y0rusy50 ca
101 0 _arus
102 _aRU
105 _ay|||z||||01yy
200 1 _aЭкологические основы охраны и рационального использования природных ресурсов
_eучебное пособие для студентов эколого-биологического факультета
_fЭ. В. Ивантер, В. В. Горбач, А. М. Макаров, Е. А. Моисеева
_gМ-во образования и науки Российской Федерации, Федеральное гос. бюджетное образовательное учреждение высш. проф. образования Петрозаводский гос. ун-т
210 _aПетрозаводск
_cИзд-во ПетрГУ
_d2015
215 _a46 с.
_d20
320 _aБиблиогр.: с. 45
606 1 _aОкружающая среда
_jУчебные издания для высших учебных заведений
_xОхрана
_xЭкологические исследования
_91783260
_3RU\NLR\AUTH\66801789
675 _a574
686 1 _aБ1я731
701 1 _aИвантер
_bЭ. В.
_f1935-
_gЭрнест Викторович
701 1 _aГорбач
_bВ. В.
_gВячеслав Васильевич
701 1 _7ca
_8rus
_aМакаров
_bА. М.
_cд-р биол. наук, экология
_f1958-
_gАлександр Михайлович
_3RU\NLR\AUTH\7731803
_914813
701 1 _aМоисеева
_bЕ. А.
_gЕлена Анатольевна
801 0 _aRU
_bРГБ
_c20160311
_gRCR
801 1 _aRU
_bРГБ
_c20160311
_2rusmarc
942 _cBOOK
980 _aNBR